000 00538nam a2200217Ia 4500
005 20250505124805.0
008 008 250505s9999 xx 000 0 eng d
037 _aTextbook
040 _aLCO
_beng
_cLCO
041 _aeng
_2eng
084 _aZ2,711 R1
_qLCO
100 _aMonir. M.
245 0 _aLaw of Evidence
_cM. Monir
250 _a12th
260 _aGurgaon, India
_bLexisNexis
_c2021
300 _a588
365 _aINR
_b625
650 _aLaw
942 _cTB
_hZ2,711 R1
999 _c1310112
_d1310112